[Event "Kandidatenturnier"]
[Site "Tübingen"]
[Date "2007.08.25"]
[Round "1"]
[White "Schwerteck, Michael"]
[Black "Klaus, Daniel"]
[Result "1-0"]
[WhiteElo "2154"]
[BlackElo "1994"]
[PlyCount "51"]
[EventDate "2007.??.??"]

1. d4 d5 2. c4 c6 3. Nc3 Nf6 4. e3 e6 5. Nf3 Nbd7 6. Qc2 dxc4 7. Bxc4 c5 8. e4
cxd4 9. Nxd4 Ne5 10. Bb5+ Bd7 11. O-O a6 12. Bxd7+ Nfxd7 13. Qe2 Rc8 14. f4 Nc4
15. Kh1 Bb4 16. f5 Bxc3 17. bxc3 e5 18. Ne6 Qb6 19. Nxg7+ Kf8 20. f6 Nxf6 21.
Bh6 Ng8 22. Ne6+ Ke7 23. Bg7 Qxe6 24. Bxh8 Nd6 25. Qh5 Rxc3 26. Bxe5 1-0

[Event "Kandidatenturnier"]
[Site "Tübingen"]
[Date "2007.08.25"]
[Round "1"]
[White "Hallmann, Eberhard"]
[Black "Meschke, Andreas"]
[Result "0-1"]
[WhiteElo "1985"]
[BlackElo "2153"]
[PlyCount "130"]
[EventDate "2007.??.??"]

1. e4 e5 2. Nf3 Nc6 3. d4 exd4 4. Nxd4 Bc5 5. Be3 Qf6 6. c3 Nge7 7. Be2 O-O 8.
O-O d5 9. Bf3 Ne5 10. exd5 Bxd4 11. Bxd4 Nxf3+ 12. Qxf3 Qxf3 13. gxf3 Nxd5 14.
Re1 Be6 15. Nd2 Rad8 16. Ne4 Rfe8 17. Rad1 b6 18. a3 h6 19. Be5 Bc8 20. Bg3 Ba6
21. h4 Kf8 22. Nd2 Be2 23. Rc1 c5 24. c4 Nf6 25. Bf4 Bd3 26. Rxe8+ Rxe8 27. Be3
Nd7 28. Kg2 Re6 29. Rc3 Rg6+ 30. Kh2 Be2 31. Bf4 Re6 32. Re3 Ke7 33. b3 Bd1 34.
Rxe6+ Kxe6 35. Kg2 Ne5 36. Kf1 Kf5 37. Bg3 a6 38. Ke1 Bc2 39. Ke2 b5 40. cxb5
axb5 41. Ke3 f6 42. Bh2 Ke6 43. Bg3 Nc6 44. Ne4 Bxe4 45. fxe4 Na5 46. a4 b4 47.
Bc7 Nxb3 48. Kd3 Kd7 49. Bb8 Kc6 50. f4 Na5 51. h5 c4+ 52. Kd4 c3 53. Kd3 Nc4
54. Kc2 Na3+ 55. Kb3 c2 56. Kb2 b3 57. Ba7 Nc4+ 58. Kc1 Kd6 59. Bd4 Ke6 60. Ba7
Nd6 61. e5 fxe5 62. fxe5 Kxe5 63. Bb8 Kd5 64. a5 Nc4 65. a6 Ke4 0-1

[Event "Kandidatenturnier"]
[Site "Tübingen"]
[Date "2007.08.25"]
[Round "1"]
[White "Bajer, Renato"]
[Black "Gnirk, Torsten"]
[Result "0-1"]
[WhiteElo "1924"]
[BlackElo "2116"]
[PlyCount "136"]
[EventDate "2007.??.??"]

1. e4 c5 2. Nf3 e6 3. Nc3 Nc6 4. Bc4 a6 5. a4 Qc7 6. Qe2 Be7 7. O-O d6 8. Rd1
Bf6 9. d3 Nge7 10. Be3 Nd4 11. Qd2 Nxf3+ 12. gxf3 Bd7 13. Qe2 Rc8 14. Bb3 g5
15. d4 c4 16. Ba2 Ng6 17. Kh1 h6 18. Rac1 b5 19. axb5 axb5 20. Bb1 O-O 21. Na2
e5 22. d5 Bh3 23. c3 Kh8 24. Nb4 Rg8 25. Rg1 Qd7 26. Bc2 Nh4 27. f4 gxf4 28.
Qh5 Kh7 29. Bxf4 exf4 30. e5+ Bf5 31. Bxf5+ Qxf5 32. Qxf5+ Nxf5 33. exf6 Rg6
34. Rce1 Rxf6 35. Rg4 Rg6 36. Rxf4 Rg5 37. Nc6 Rc7 38. Rg1 Kg6 39. Rgg4 Ne7 40.
Nd4 Nxd5 41. Rxg5+ hxg5 42. Rg4 f5 43. Rg1 b4 44. cxb4 Nxb4 45. Ne6 Rc8 46.
Nxg5 Kf6 47. f4 Nd3 48. Nh7+ Kf7 49. Ng5+ Ke7 50. Nf3 Nxb2 51. Nd4 Kf6 52. Re1
c3 53. Re6+ Kf7 54. Rxd6 c2 55. Nxc2 Rxc2 56. Rd4 Nc4 57. Kg1 Kg6 58. Rd3 Rd2
59. Rg3+ Kf6 60. Rc3 Nd6 61. Rf3 Ne4 62. Rf1 Kg6 63. Rf3 Kh5 64. Rf1 Kg4 65.
Ra1 Kxf4 66. Rf1+ Kg4 67. h3+ Kxh3 68. Rxf5 Rg2+ 0-1

[Event "Kandidatenturnier"]
[Site "Tübingen"]
[Date "2007.08.25"]
[Round "1"]
[White "Reck, Moritz"]
[Black "Seyrich, Maximilian"]
[Result "0-1"]
[WhiteElo "2111"]
[BlackElo "1892"]
[PlyCount "48"]
[EventDate "2007.??.??"]

1. g3 Nf6 2. Bg2 d5 3. d3 g6 4. Nc3 Bg7 5. e4 dxe4 6. Nxe4 Nxe4 7. Bxe4 O-O 8.
c3 c5 9. Be3 Qd6 10. Qd2 Nc6 11. O-O-O f5 12. Bf3 e5 13. Bh6 Be6 14. Kb1 Rad8
15. Nh3 f4 16. Bxg7 Kxg7 17. Ng5 Bf5 18. Be4 c4 19. Kc2 cxd3+ 20. Kc1 Bxe4 21.
Nxe4 Qd5 22. Qe1 Qxa2 23. Nd2 Qa4 24. b3 Qa2 0-1

[Event "Kandidatenturnier"]
[Site "Tübingen"]
[Date "2007.08.25"]
[Round "1"]
[White "Braun, Georg"]
[Black "Sand, Rolf"]
[Result "0-1"]
[WhiteElo "1887"]
[BlackElo "2108"]
[PlyCount "78"]
[EventDate "2007.??.??"]

1. e4 c5 2. Nf3 d6 3. d4 cxd4 4. Nxd4 Nf6 5. Nc3 a6 6. Be2 e5 7. Nb3 Be7 8. O-O
O-O 9. Be3 Be6 10. f4 exf4 11. Bxf4 Nc6 12. Qd2 Rc8 13. Rad1 Ne8 14. Nd5 Bxd5
15. exd5 Ne5 16. Nd4 Bf6 17. Qb4 Rc7 18. c3 Ng6 19. Bg3 Be5 20. Bxe5 Nxe5 21.
Nf5 g6 22. Ng3 f5 23. h4 Nf6 24. Qf4 Rcf7 25. Qd4 Nfg4 26. Bxg4 Nxg4 27. h5 Qh4
28. Rf3 Re8 29. hxg6 hxg6 30. Nf1 Re4 31. Qd2 Rfe7 32. Rh3 Qf6 33. Ng3 Re3 34.
Rf1 Qe5 35. Nh1 Rxh3 36. gxh3 Ne3 37. Rf2 Nxd5 38. Rg2 Nf4 39. Nf2 Nxg2 0-1

[Event "Kandidatenturnier"]
[Site "Tübingen"]
[Date "2007.08.25"]
[Round "1"]
[White "Werner, Bernd-Michael"]
[Black "Reichel, Jonathan"]
[Result "1-0"]
[WhiteElo "2096"]
[BlackElo "1882"]
[PlyCount "71"]
[EventDate "2007.??.??"]

1. e4 e6 2. d4 d5 3. e5 c5 4. f4 Nc6 5. Nf3 Qb6 6. a3 Bd7 7. Bd3 Rc8 8. O-O Nh6
9. Kh1 cxd4 10. Qe2 Ng4 11. Nbd2 Ne3 12. Rg1 Na5 13. b4 Nac4 14. Nb3 Ng4 15.
Nfxd4 h5 16. Rf1 Ba4 17. Rf3 g6 18. c3 a6 19. Nd2 Bb5 20. Nxb5 axb5 21. Nb3 Be7
22. Nd4 Bf8 23. Bb2 g5 24. Raf1 Bg7 25. Bxc4 bxc4 26. Bc1 Ra8 27. f5 Nxe5 28.
f6 Nxf3 29. fxg7 Rg8 30. Qxf3 Rxg7 31. Qf6 Rh7 32. Qxg5 Kd7 33. Nf3 f5 34. Ne5+
Kd6 35. Bf4 Qd8 36. Nf7+ 1-0

[Event "Kandidatenturnier"]
[Site "Tübingen"]
[Date "2007.08.25"]
[Round "1"]
[White "Hittinger, Immanuel"]
[Black "Guski, Dietmar"]
[Result "1/2-1/2"]
[WhiteElo "1865"]
[BlackElo "2093"]
[PlyCount "82"]
[EventDate "2007.??.??"]

1. d4 Nf6 2. c4 e6 3. Nc3 c5 4. d5 exd5 5. cxd5 d6 6. e4 g6 7. Bg5 Bg7 8. f4
O-O 9. Nf3 Re8 10. Bd3 Qb6 11. Qb3 Nxe4 12. Bxe4 f5 13. Nd2 Bd7 14. O-O fxe4
15. Qxb6 axb6 16. Ndxe4 Bxc3 17. Nxc3 Na6 18. a3 Nc7 19. Rfe1 Rxe1+ 20. Rxe1
Re8 21. Re7 Rxe7 22. Bxe7 Ne8 23. Ne4 Bf5 24. Nxd6 Nxd6 25. Bxd6 Be4 26. Bc7
Bxd5 27. Bxb6 c4 28. Kf2 Kf7 29. g4 Ke6 30. Ke3 Kd6 31. Bd4 Be6 32. h3 Kd5 33.
Bc3 Bd7 34. Be5 b5 35. Kf3 Bc6 36. h4 Bd7 37. Bg7 h5 38. gxh5 gxh5 39. Ke3 Bf5
40. Bf6 Bg4 41. Bg5 Bf5 1/2-1/2

[Event "Kandidatenturnier"]
[Site "Tübingen"]
[Date "2007.08.25"]
[Round "1"]
[White "Huhn, Stefan"]
[Black "Bauer, Dieter"]
[Result "1-0"]
[WhiteElo "2075"]
[BlackElo "1860"]
[PlyCount "111"]
[EventDate "2007.??.??"]

1. d4 Nf6 2. Bg5 Ne4 3. Bf4 d5 4. e3 c6 5. f3 Nf6 6. c4 Qb6 7. Qc2 Na6 8. a3
Bf5 9. Qc3 e6 10. c5 Qd8 11. Bxa6 bxa6 12. g4 Bg6 13. h4 h5 14. g5 Nd7 15. Nh3
Be7 16. Nd2 Qc8 17. e4 O-O 18. Bg3 Bd8 19. Bd6 Re8 20. Nf4 Bc7 21. Nxg6 fxg6
22. e5 Qb7 23. Kf2 Rac8 24. Rhe1 Qb5 25. a4 Qb7 26. Ra3 Bxd6 27. exd6 Rb8 28.
Rb3 Qc8 29. Re3 Rxb3 30. Nxb3 Kf7 31. Na5 Nb8 32. Qb4 e5 33. dxe5 Qh3 34. Qb7+
Kg8 35. e6 Qh2+ 36. Kf1 Qh1+ 37. Ke2 Qg2+ 38. Kd3 Qf1+ 39. Kc2 Qf2+ 40. Kd3
Qf1+ 41. Re2 Qd1+ 42. Rd2 Qxf3+ 43. Kc2 Qe4+ 44. Kc1 Rf8 45. e7 Rf1+ 46. Rd1
Qf4+ 47. Kc2 Qe4+ 48. Rd3 Rf2+ 49. Kc3 Qe5+ 50. Kb4 Qe4+ 51. Kc3 Qe5+ 52. Kb4
Qe4+ 53. Ka3 Qxd3+ 54. Nb3 Qc2 55. e8=Q+ Kh7 56. Qe5 1-0

[Event "Kandidatenturnier"]
[Site "Tübingen"]
[Date "2007.08.25"]
[Round "1"]
[White "Rix, Michael"]
[Black "Ruprich, Udo"]
[Result "0-1"]
[WhiteElo "1837"]
[BlackElo "2061"]
[PlyCount "74"]
[EventDate "2007.??.??"]

1. d4 Nf6 2. Nf3 d5 3. e3 Bf5 4. c4 e6 5. Qb3 Qc8 6. Nc3 c6 7. cxd5 exd5 8. Bd2
Bd6 9. Rc1 Nbd7 10. Be2 O-O 11. O-O Qb8 12. Na4 Re8 13. Bb4 Bc7 14. Nc5 Nxc5
15. dxc5 Ne4 16. Kh1 Qd8 17. Bd3 Re6 18. Nd4 Qh4 19. g3 Bxg3 20. fxg3 Nxg3+ 21.
Kg1 Nxf1 22. Nxe6 Bxd3 23. Qxd3 Qxh2+ 24. Kxf1 fxe6 25. Rc2 Rf8+ 26. Ke1 Qh4+
27. Kd1 Qxb4 28. Rh2 Qe4 29. Qxe4 dxe4 30. Rh4 Rf2 31. Rxe4 Kf7 32. Rb4 h5 33.
Rxb7+ Kf6 34. Rxa7 Rxb2 35. Ra6 h4 36. a4 h3 37. Ra8 h2 0-1

[Event "Kandidatenturnier"]
[Site "Tübingen"]
[Date "2007.08.25"]
[Round "1"]
[White "Kracke, Moritz"]
[Black "Altimira Roses, Jordi"]
[Result "1/2-1/2"]
[WhiteElo "2054"]
[BlackElo "1803"]
[PlyCount "58"]
[EventDate "2007.??.??"]

1. e4 c5 2. Nf3 d6 3. d4 cxd4 4. Nxd4 Nf6 5. Nc3 a6 6. Bc4 e6 7. Bb3 Be7 8. f4
Qc7 9. Qf3 Nc6 10. Be3 Bd7 11. f5 Nxd4 12. Bxd4 O-O 13. O-O-O b5 14. fxe6 fxe6
15. Qh3 d5 16. exd5 exd5 17. Qd3 Kh8 18. Kb1 Rad8 19. Qe3 Bf5 20. Bb6 Ng4 21.
Bxc7 Nxe3 22. Bxd8 Rxd8 23. Rde1 d4 24. Nd1 Bg5 25. Nxe3 dxe3 26. h4 Bh6 27.
Ref1 g6 28. a3 Bg4 29. c3 e2 1/2-1/2

[Event "Kandidatenturnier"]
[Site "Tübingen"]
[Date "2007.08.25"]
[Round "1"]
[White "Wiebusch, Marc"]
[Black "Schuster, Gerhard"]
[Result "1-0"]
[WhiteElo "1901"]
[BlackElo "2041"]
[PlyCount "111"]
[EventDate "2007.??.??"]

1. d4 Nf6 2. c4 e6 3. Nc3 Bb4 4. Qc2 O-O 5. Nf3 b6 6. e3 Bb7 7. a3 Bxc3+ 8.
Qxc3 Ne4 9. Qc2 f5 10. Be2 Ng5 11. b4 d6 12. Bb2 Nd7 13. c5 Be4 14. Qc3 d5 15.
c6 Bxf3 16. gxf3 Nf6 17. b5 Nh3 18. Bf1 Ng5 19. Bg2 a6 20. a4 axb5 21. axb5
Rxa1+ 22. Bxa1 Qe7 23. O-O Ra8 24. Bb2 Qe8 25. h4 Nf7 26. e4 fxe4 27. fxe4 Nxe4
28. Bxe4 dxe4 29. d5 e5 30. f4 Nd6 31. Qg3 Qg6 32. Qxg6 hxg6 33. fxe5 Nxb5 34.
e6 Rd8 35. Rd1 Kf8 36. Be5 e3 37. Kf1 Nd6 38. Bxd6+ Rxd6 39. Ke2 Ke7 40. Kxe3
Rd8 41. Ke4 Rh8 42. Kf4 Rh5 43. Kg4 b5 44. Rd4 Kd6 45. Re4 Rh8 46. Rd4 Rb8 47.
Kg5 b4 48. Kxg6 b3 49. Rd1 b2 50. Rb1 Kxd5 51. Kf7 Rb3 52. e7 Rf3+ 53. Kxg7 Re3
54. Kf7 Rf3+ 55. Ke8 Rb3 56. Kd7 1-0

[Event "Kandidatenturnier"]
[Site "Tübingen"]
[Date "2007.08.25"]
[Round "1"]
[White "Dittus, Reiner"]
[Black "Hedler, Thomas"]
[Result "1-0"]
[WhiteElo "1749"]
[BlackElo "2019"]
[PlyCount "71"]
[EventDate "2007.??.??"]

1. e4 c6 2. d4 d5 3. e5 Bf5 4. Nf3 Nd7 5. Be2 e6 6. O-O Be7 7. c3 Qc7 8. Be3
O-O-O 9. Nbd2 h5 10. c4 h4 11. h3 f6 12. exf6 Ngxf6 13. Bg5 Rh7 14. Re1 Rdh8
15. Bf1 Bd6 16. Qa4 a6 17. b4 Ne4 18. Nxe4 Bxe4 19. Nd2 Rh5 20. Nxe4 dxe4 21.
Be3 Bh2+ 22. Kh1 Bf4 23. Qb3 Nf6 24. b5 Bxe3 25. Rxe3 Rf5 26. bxa6 bxa6 27. c5
Rxf2 28. Qxe6+ Kd8 29. Rb1 Rf8 30. Bxa6 Nh5 31. Reb3 Ng3+ 32. Kg1 Rf1+ 33. Bxf1
Rxf1+ 34. Rxf1 Ne2+ 35. Kh1 Ng3+ 36. Rxg3 1-0

[Event "Kandidatenturnier"]
[Site "Tübingen"]
[Date "2007.08.25"]
[Round "1"]
[White "Kaulich, Philipp Theodor"]
[Black "Sautter, Elke"]
[Result "0-1"]
[WhiteElo "1576"]
[BlackElo "2006"]
[PlyCount "114"]
[EventDate "2007.??.??"]

1. e4 e6 2. d4 d5 3. e5 c5 4. c3 Nc6 5. Be3 Bd7 6. Nf3 cxd4 7. cxd4 Qb6 8. Qd2
Rc8 9. Nc3 Na5 10. Rc1 Nc4 11. Bxc4 Rxc4 12. O-O Ne7 13. a3 Nf5 14. Kh1 Be7 15.
Rc2 O-O 16. g4 Nxe3 17. fxe3 Rfc8 18. Qf2 Be8 19. Nd2 R4c6 20. h4 Qd8 21. g5
Bxa3 22. Ndb1 Bb4 23. Qg1 R6c7 24. h5 a5 25. Rh2 a4 26. Qg4 a3 27. g6 h6 28.
gxf7+ Rxf7 29. Qxe6 Qd7 30. Qxd7 Rxf1+ 31. Kg2 Bxd7 32. Kxf1 axb2 33. Rxb2 Bxc3
34. Rxb7 Bh3+ 35. Kf2 Rf8+ 36. Ke2 Ba5 37. Rb5 Bf1+ 38. Kd1 Bxb5 39. Nd2 Bxd2
40. Kxd2 Rf5 41. Kc3 Rxh5 42. Kb4 Bd7 43. Kc5 Be6 44. Kd6 Kf7 45. e4 dxe4 46.
d5 Bxd5 47. Kxd5 e3 48. Kd6 Rxe5 49. Kxe5 e2 50. Kd5 e1=Q 51. Kd4 Ke6 52. Kc5
Qd2 53. Kc4 Kd6 54. Kb5 Qc3 55. Kb6 Qb2+ 56. Ka7 Kc7 57. Ka6 Qb6# 0-1

[Event "Kandidatenturnier"]
[Site "Tübingen"]
[Date "2007.08.26"]
[Round "2"]
[White "Ruprich, Udo"]
[Black "Schwerteck, Michael"]
[Result "0-1"]
[WhiteElo "2061"]
[BlackElo "2154"]
[PlyCount "62"]
[EventDate "2007.??.??"]

1. e4 e5 2. Nf3 Nc6 3. Bc4 Nf6 4. d3 Be7 5. Nc3 d6 6. h3 Na5 7. Be3 O-O 8. Qd2
c6 9. Bg5 b5 10. Bxf6 Bxf6 11. Bb3 Nxb3 12. axb3 Be7 13. Ne2 f5 14. exf5 Bxf5
15. Ng3 Be6 16. Qe3 Qb6 17. d4 Bd5 18. c3 Bxf3 19. gxf3 exd4 20. Qe6+ Kh8 21.
O-O Bf6 22. Rad1 d5 23. Rd3 dxc3 24. bxc3 Rae8 25. Qg4 a5 26. Rfd1 b4 27. c4 a4
28. cxd5 a3 29. Nh5 cxd5 30. f4 a2 31. Nxf6 Qxf6 0-1

[Event "Kandidatenturnier"]
[Site "Tübingen"]
[Date "2007.08.26"]
[Round "2"]
[White "Meschke, Andreas"]
[Black "Sautter, Elke"]
[Result "1-0"]
[WhiteElo "2153"]
[BlackElo "2006"]
[PlyCount "37"]
[EventDate "2007.??.??"]

1. e4 e6 2. d4 d5 3. Nc3 dxe4 4. Nxe4 Be7 5. Nf3 Nf6 6. Bd3 Nbd7 7. O-O c5 8.
Nxf6+ Nxf6 9. dxc5 Bxc5 10. Qe2 O-O 11. Bg5 Be7 12. Rad1 Nd5 13. Bxe7 Qxe7 14.
Bxh7+ Kxh7 15. Rxd5 f5 16. Rfd1 Re8 17. Rd6 a6 18. Ne5 Qf6 19. f4 1-0

[Event "Kandidatenturnier"]
[Site "Tübingen"]
[Date "2007.08.26"]
[Round "2"]
[White "Seyrich, Maximilian"]
[Black "Haist, Winfried"]
[Result "1/2-1/2"]
[WhiteElo "1892"]
[BlackElo "2139"]
[PlyCount "71"]
[EventDate "2007.??.??"]

1. d4 d6 2. c4 Nf6 3. Nc3 Bg4 4. Nf3 e6 5. g3 c6 6. Bg2 d5 7. Qb3 Qb6 8. O-O
Nbd7 9. Nd2 Bb4 10. e4 O-O 11. exd5 exd5 12. cxd5 cxd5 13. Nxd5 Nxd5 14. Qxd5
Nf6 15. Qxb7 Qxd4 16. Nb3 Qc4 17. Bf4 a5 18. a3 Qxb3 19. axb4 a4 20. Be5 Nd7
21. Bd6 Rfe8 22. Bc6 Rad8 23. Bc7 Rc8 24. Rae1 Be6 25. Re3 Qxb2 26. Rxe6 fxe6
27. Bxd7 a3 28. Bxc8 a2 29. Qc6 Rf8 30. Qxe6+ Kh8 31. Be5 Qxb4 32. Bd6 Qb5 33.
Qe1 Rxc8 34. Be5 Re8 35. Qa1 Qxe5 36. Qxa2 1/2-1/2

[Event "Kandidatenturnier"]
[Site "Tübingen"]
[Date "2007.08.26"]
[Round "2"]
[White "Gnirk, Torsten"]
[Black "Wiebusch, Marc"]
[Result "1-0"]
[WhiteElo "2116"]
[BlackElo "1901"]
[PlyCount "33"]
[EventDate "2007.??.??"]

1. e4 c5 2. c3 e6 3. d4 cxd4 4. cxd4 Bb4+ 5. Nc3 a6 6. Bd3 Ne7 7. Nf3 O-O 8. e5
Nbc6 9. O-O Ng6 10. Ne4 d5 11. Ng3 Bd7 12. h4 Nxh4 13. Bxh7+ Kh8 14. Ng5 g6 15.
Qg4 Kg7 16. Qxh4 Rh8 17. Nxe6+ 1-0

[Event "Kandidatenturnier"]
[Site "Tübingen"]
[Date "2007.08.26"]
[Round "2"]
[White "Sand, Rolf"]
[Black "Dittus, Reiner"]
[Result "1-0"]
[WhiteElo "2108"]
[BlackElo "1749"]
[PlyCount "113"]
[EventDate "2007.??.??"]

1. e4 c6 2. d4 d5 3. Nc3 dxe4 4. Nxe4 Bf5 5. Ng3 Bg6 6. h4 h6 7. Nf3 Nd7 8. h5
Bh7 9. Bd3 Bxd3 10. Qxd3 e6 11. Bd2 Ngf6 12. O-O-O Qc7 13. Ne4 Nxe4 14. Qxe4
Nf6 15. Qe2 O-O-O 16. g3 Nd7 17. Bf4 Bd6 18. Bxd6 Qxd6 19. Rh4 Nf6 20. Ne5 Qc7
21. Rf4 Rhe8 22. g4 Re7 23. Rf3 Kb8 24. Rg3 Nd7 25. Rgd3 Nxe5 26. Qxe5 Qxe5 27.
dxe5 Rd5 28. f4 Red7 29. Rxd5 cxd5 30. Kd2 Rc7 31. b3 b5 32. c3 Kc8 33. g5 Kd7
34. Kd3 Ke7 35. Rc1 a5 36. gxh6 gxh6 37. Rg1 Kf8 38. Kd4 Rc8 39. f5 exf5 40.
Rf1 b4 41. cxb4 axb4 42. Rxf5 Kg7 43. Rf2 Rc1 44. Kxd5 Kg8 45. Kd6 Rd1+ 46. Ke7
Re1 47. Kf6 Re4 48. Rc2 Rf4+ 49. Ke7 Rf5 50. Re2 Rxh5 51. Re4 Rh2 52. Rg4+ Kh7
53. Kxf7 Rf2+ 54. Ke7 Rxa2 55. e6 Ra7+ 56. Kf6 Ra6 57. Kf7 1-0

[Event "Kandidatenturnier"]
[Site "Tübingen"]
[Date "2007.08.26"]
[Round "2"]
[White "Deffner, Manfred"]
[Black "Werner, Bernd-Michael"]
[Result "0-1"]
[WhiteElo "1847"]
[BlackElo "2096"]
[PlyCount "111"]
[EventDate "2007.??.??"]

1. d4 Nf6 2. c4 g6 3. Nc3 Bg7 4. e4 d6 5. f3 O-O 6. Be3 c5 7. Nge2 Nc6 8. Qd2
a6 9. Rd1 b6 10. Nd5 Bb7 11. Nxf6+ Bxf6 12. d5 Ne5 13. Nc3 Bh4+ 14. Bf2 Bxf2+
15. Qxf2 f5 16. Be2 Bc8 17. O-O Bd7 18. exf5 Bxf5 19. Qe3 Rf7 20. f4 Ng4 21.
Bxg4 Bxg4 22. Rde1 Qf8 23. Rf2 Qg7 24. h3 Bd7 25. Qd2 Raf8 26. Kh2 g5 27. Ref1
g4 28. Qe3 Bf5 29. h4 g3+ 30. Qxg3 Qxg3+ 31. Kxg3 Bd3 32. Re1 Bxc4 33. Rd1 Rf5
34. b3 Bb5 35. Nxb5 axb5 36. Kg4 b4 37. g3 h5+ 38. Kf3 b5 39. Re2 R5f7 40. Re4
Ra8 41. Rd2 Rc8 42. g4 hxg4+ 43. Kxg4 Rg7+ 44. Kf3 Rh7 45. f5 Kf7 46. Rg2 Ra8
47. Reg4 Ra3 48. Rb2 Ra8 49. Rh2 Rah8 50. Kg3 Rh5 51. Rf2 R8h6 52. Re4 Rh7 53.
Kg4 Rxh4+ 54. Kf3 Rxe4 55. Kxe4 Rh4+ 56. Kd3 0-1

[Event "Kandidatenturnier"]
[Site "Tübingen"]
[Date "2007.08.26"]
[Round "2"]
[White "Hadziselimovic, Adnan"]
[Black "Huhn, Stefan"]
[Result "1/2-1/2"]
[WhiteElo "1687"]
[BlackElo "2075"]
[PlyCount "62"]
[EventDate "2007.??.??"]

1. d4 c5 2. e3 cxd4 3. exd4 d5 4. Bd3 Nf6 5. Nf3 Bg4 6. Nbd2 Nc6 7. c3 e6 8.
Qb3 Qc7 9. O-O Bd6 10. h3 Bh5 11. Re1 O-O 12. Kh1 Rac8 13. a3 a6 14. Nh4 Rfe8
15. g4 Bxg4 16. hxg4 Nxg4 17. Re2 Nxf2+ 18. Rxf2 Bg3 19. Rg2 Bxh4 20. Nf3 Bf6
21. Bg5 Bxg5 22. Nxg5 h6 23. Nf3 f5 24. Rag1 Re7 25. Bxf5 exf5 26. Qxd5+ Kh8
27. Qxf5 Rf7 28. Qh3 Qd7 29. Qg3 Qc7 30. Qh3 Qd7 31. Qg3 Qc7 1/2-1/2

[Event "Kandidatenturnier"]
[Site "Tübingen"]
[Date "2007.08.26"]
[Round "2"]
[White "Guski, Dietmar"]
[Black "Kracke, Moritz"]
[Result "1-0"]
[WhiteElo "2093"]
[BlackElo "2054"]
[PlyCount "137"]
[EventDate "2007.??.??"]

1. e4 c5 2. Nf3 Nc6 3. d4 cxd4 4. Nxd4 Nf6 5. Nc3 e5 6. Ndb5 d6 7. Bg5 a6 8.
Bxf6 gxf6 9. Na3 b5 10. Nd5 f5 11. g3 Bg7 12. Bg2 O-O 13. exf5 e4 14. c3 Bxf5
15. O-O Bg6 16. Nc2 f5 17. Nce3 Ne5 18. Nf4 Qd7 19. f3 Qa7 20. Re1 Nc4 21. Nfd5
Nxb2 22. Qe2 Nd3 23. Rf1 Kh8 24. Kh1 b4 25. fxe4 fxe4 26. Nxb4 Nxb4 27. cxb4
Bxa1 28. Rxa1 Qd4 29. Rb1 Rac8 30. Rd1 Qxb4 31. Nd5 Qa4 32. Qb2+ Kg8 33. Rf1
Rxf1+ 34. Bxf1 e3 35. Ne7+ Kf7 36. Nxc8 Qc6+ 37. Kg1 Qxc8 38. Qb3+ Kf6 39. Qxe3
Qc5 40. Qxc5 dxc5 41. Bxa6 Ke5 42. Kf2 Kd4 43. Ke2 Kc3 44. g4 Bb1 45. a4 c4 46.
a5 Bd3+ 47. Ke3 Kb4 48. Kd4 Be2 49. Bc8 c3 50. Bf5 h6 51. h3 Kb3 52. Bg6 c2 53.
Bxc2+ Kxc2 54. Ke5 Kc3 55. Kf6 h5 56. g5 Kb4 57. g6 Kxa5 58. g7 Bc4 59. Kg6 h4
60. Kg5 Kb6 61. Kxh4 Kc6 62. Kg5 Kd7 63. Kf6 Ke8 64. h4 Bg8 65. h5 Bf7 66. Kg5
Ke7 67. h6 Bg8 68. Kg6 Bf7+ 69. Kh7 1-0

[Event "Kandidatenturnier"]
[Site "Tübingen"]
[Date "2007.08.26"]
[Round "2"]
[White "Altimira Roses, Jordi"]
[Black "Hittinger, Immanuel"]
[Result "0-1"]
[WhiteElo "1803"]
[BlackElo "1865"]
[PlyCount "128"]
[EventDate "2007.??.??"]

1. e4 c6 2. d4 d5 3. Nc3 dxe4 4. Nxe4 Bf5 5. Ng3 Bg6 6. Nf3 Nd7 7. h4 h6 8. h5
Bh7 9. Bd3 Bxd3 10. Qxd3 Qc7 11. Bd2 e6 12. O-O-O Ngf6 13. Rh4 Bd6 14. Ne4 Nxe4
15. Qxe4 O-O-O 16. Bf4 Nf6 17. Bxd6 Rxd6 18. Qe2 Rhd8 19. c3 Rd5 20. Ne5 Kb8
21. Kb1 c5 22. g3 a6 23. Nc4 Ka7 24. Ne3 R5d7 25. Nc4 cxd4 26. cxd4 Rc8 27. Ne5
Rd5 28. Rhh1 Qe7 29. Rd3 Rcd8 30. Ra3 R5d6 31. Rc1 Rb6 32. Rac3 Nd5 33. Rc5 f6
34. Nc4 Rb5 35. Rxb5 axb5 36. Na3 b4 37. Nb5+ Kb8 38. Qc4 Nb6 39. Qc7+ Qxc7 40.
Rxc7 Rd5 41. Rc5 Rxc5 42. dxc5 Nd7 43. Nd6 Kc7 44. Ne8+ Kd8 45. Nd6 Nxc5 46. f3
Kd7 47. Nc4 Kc6 48. Kc2 Kd5 49. b3 Nd7 50. Kd3 f5 51. Ne3+ Kc5 52. g4 Ne5+ 53.
Ke2 fxg4 54. fxg4 Kd4 55. Nc2+ Kc3 56. Ne3 Kb2 57. Kd2 Kxa2 58. Kc2 b6 59. Ng2
Nxg4 60. Nf4 Nf6 61. Nxe6 Nxh5 62. Nf8 Nf4 63. Nd7 Nd5 64. Ne5 g5 0-1

[Event "Kandidatenturnier"]
[Site "Tübingen"]
[Date "2007.08.26"]
[Round "2"]
[White "Schwan, Rudi"]
[Black "Reck, Moritz"]
[Result "0-1"]
[WhiteElo "1939"]
[BlackElo "2111"]
[PlyCount "122"]
[EventDate "2007.??.??"]

1. e4 g6 2. c3 Bg7 3. d4 d6 4. Nf3 Nc6 5. Be2 e5 6. d5 Nce7 7. O-O h6 8. Be3 f5
9. exf5 Nxf5 10. Nbd2 Nf6 11. c4 c6 12. Qb3 cxd5 13. cxd5 Qa5 14. Bb5+ Kf7 15.
Nc4 Qd8 16. Nfxe5+ dxe5 17. Nxe5+ Kg8 18. d6+ Kh7 19. Nf7 Qg8 20. Bc4 Qf8 21.
Nxh8 Kxh8 22. Rad1 Nxd6 23. Bc5 Nfe4 24. Ba3 Be5 25. Qd3 Bg4 26. Rde1 Bf5 27.
Qd5 Re8 28. f4 Qg7 29. fxe5 Be6 30. Qxe6 Rxe6 31. Bxe6 Qxe5 32. Rxe4 Qxe4 33.
Bb3 Nc4 34. Bb4 b5 35. Bc3+ Kg8 36. h3 h5 37. Re1 Qf5 38. Re5 Qb1+ 39. Kh2 a6
40. a4 Kh7 41. Re7+ Kh6 42. h4 Qd3 43. Bxc4 Qd6+ 44. Re5 b4 45. Bd2+ Qxd2 46.
Re4 Qc2 47. Rf4 Qxb2 48. Bxa6 Qe5 49. g3 b3 50. Bd3 Qc3 51. Be4 b2 52. Kg2 b1=Q
53. Bxb1 Qb2+ 54. Rf2 Qxb1 55. Rf4 Qb3 56. Kf2 Qc3 57. Kg2 g5 58. hxg5+ Kxg5
59. Kh3 Qc2 60. Rh4 Qf2 61. Rf4 Qg1 0-1

[Event "Kandidatenturnier"]
[Site "Tübingen"]
[Date "2007.08.26"]
[Round "2"]
[White "Schuster, Gerhard"]
[Black "Bajer, Renato"]
[Result "1-0"]
[WhiteElo "2041"]
[BlackElo "1924"]
[PlyCount "153"]
[EventDate "2007.??.??"]

1. e4 e5 2. Nf3 Nc6 3. Bb5 a6 4. Ba4 Nf6 5. O-O Be7 6. Re1 b5 7. Bb3 d6 8. c3
O-O 9. h3 Bb7 10. d4 Re8 11. Ng5 Rf8 12. Nf3 Re8 13. Nbd2 Bf8 14. Bc2 h6 15.
Nf1 exd4 16. cxd4 Nb4 17. Ng3 Nxc2 18. Qxc2 c5 19. d5 Nd7 20. Bf4 Qf6 21. Qd2
g5 22. Be3 Bg7 23. Rab1 Qg6 24. b4 c4 25. Bd4 Nf6 26. Qc3 Nxe4 27. Nxe4 Rxe4
28. Rxe4 Qxe4 29. Re1 Bxd4 30. Nxd4 Qd3 31. Qxd3 cxd3 32. Nf5 Kf8 33. Rd1 Bxd5
34. a3 Bb3 35. Rd2 Bc2 36. Nxh6 Rc8 37. Nf5 d5 38. f3 Rc3 39. Nd4 Rc4 40. Nf5
Rf4 41. Ne3 Rc4 42. Nxd5 Ke8 43. Kf2 f5 44. f4 Rd4 45. Nf6+ Kf7 46. fxg5 Kg6
47. Ke3 Rc4 48. Nd5 Kxg5 49. g3 Re4+ 50. Kf3 Rd4 51. h4+ Kg6 52. Nf4+ Kf6 53.
Ke3 Re4+ 54. Kf2 Rd4 55. Kf3 Bb1 56. h5 Bc2 57. Kf2 Bb1 58. h6 Rd7 59. Ke3 Kg5
60. Rh2 d2 61. Rxd2 Rxd2 62. Kxd2 Kxh6 63. Ke3 Be4 64. Ne6 Bb7 65. Kf4 Kg6 66.
Ke5 Bc8 67. Kd6 Bxe6 68. Kxe6 Kg5 69. Kf7 Kg4 70. Kf6 Kxg3 71. Kxf5 Kf3 72. Ke5
Ke3 73. Kd5 Kd3 74. Kc5 Kc3 75. Kb6 Kb3 76. Kxa6 Ka4 77. Kb6 1-0

[Event "Kandidatenturnier"]
[Site "Tübingen"]
[Date "2007.08.26"]
[Round "2"]
[White "Braun, Georg"]
[Black "Siegle, Florian"]
[Result "1/2-1/2"]
[WhiteElo "1887"]
[BlackElo "2037"]
[PlyCount "107"]
[EventDate "2007.??.??"]

1. e4 e6 2. d4 b6 3. Bd3 Bb7 4. Nf3 c5 5. c3 Nf6 6. Nbd2 Nc6 7. a3 Qc7 8. O-O
Be7 9. Re1 d5 10. e5 Nd7 11. Nf1 a5 12. Ng3 Ba6 13. Bc2 h6 14. Be3 b5 15. Qd2
O-O-O 16. Qe2 Kb7 17. Bd3 Qb6 18. b3 Ka7 19. Rec1 c4 20. bxc4 bxc4 21. Bc2 Rb8
22. Rcb1 Qc7 23. a4 Rxb1+ 24. Rxb1 Rb8 25. Qd1 Nb6 26. Rb2 Bc8 27. Qa1 Bd7 28.
Ra2 Be8 29. Nd2 g5 30. f4 f5 31. Qf1 Nd8 32. Ne2 Qd7 33. Qd1 Bh5 34. Nf3 Bxf3
35. gxf3 Qe8 36. Ng3 Qf7 37. Qd2 Qg7 38. Kh1 Nf7 39. Bd1 gxf4 40. Bxf4 Nd7 41.
Rb2 Qf8 42. Rxb8 Nxb8 43. Qb2 Nc6 44. Qb5 Qc8 45. Nh5 Ba3 46. Nf6 Qc7 47. Ng8
h5 48. Nf6 h4 49. Kg2 Nh8 50. Kh3 Ng6 51. Bg5 Qb7 52. Qxb7+ Kxb7 53. Bd2 Bb2
54. Ne8 1/2-1/2

[Event "Kandidatenturnier"]
[Site "Tübingen"]
[Date "2007.08.26"]
[Round "2"]
[White "Hedler, Thomas"]
[Black "Rix, Michael"]
[Result "1-0"]
[WhiteElo "2019"]
[BlackElo "1837"]
[PlyCount "39"]
[EventDate "2007.??.??"]

1. Nc3 e5 2. Nf3 Nc6 3. d4 exd4 4. Nxd4 Nxd4 5. Qxd4 Nf6 6. Bg5 Be7 7. O-O-O d6
8. e4 O-O 9. f3 Nd7 10. Bxe7 Qxe7 11. Nd5 Qd8 12. h4 f5 13. exf5 Rxf5 14. Bc4
Kh8 15. Bd3 Rh5 16. Nf4 Rh6 17. Rde1 Ne5 18. Rxe5 b6 19. Rg5 Qe7 20. Nh5 1-0